01125nam a2200229 a 450000100100000000500170001000800410002702000180006804000250008608200160011110000330012724500980016026000430025830000200030149000720032150001220039350000800051550001280059571000540072370000460077783000720082300004671820201002053053.0180320s2014 dr r 000 0 spa d a9789945896312 aDO-SdBNPbspacBNPHU axxxxbG643m1 aGonzález, Nurys del Carmen10aMódulo 2. Taller 3. la multiplicación conceptualización /cNurys del Carmen González. aSanto Domingo :bMINERD ;aOEI,c2014. a20 p. ;c28 cm.1 aDesarrollo profesional docente, enseñanza de la lengua española aPolítica de apoyo a los aprendizajes de los primeros grados de nivel básico en lectura, escritura y matemática. aRegional educativa 05 San Pedro de Macorís, 12 Higüey, y 17 Monte Plata aA la cabeza del título: Desarrollo Profesional Docente. Capacitación de Docentes para la Enseñanza de la Matemática1 aRepública DominicanabMinisterio de Educación12aOrganización de Estados Iberoamericanos 0aDesarrollo profesional docente, enseñanza de la lengua española